000
00310nam a2200157Ia 4500
100
_a
Boehm/Anne
650
_a
HTML
942
_c
BK
366
_f
20
245
_a
Murachs HTML
260
_b
Shroff Publishers
_c
2010
082
_a
4.65
_b
BOE
300
_a
496
546
_a
ENGLISH
_c
Computers
999
_c
25312
_d
25312